| 000 | 00472nam a22001457a 4500 | ||
|---|---|---|---|
| 999 |
_c511851 _d511851 |
||
| 020 | _a9780367374907 | ||
| 082 | _aZ000x54 B631 | ||
| 100 |
_aBodh, P.C. _912202 |
||
| 245 |
_aFarmers' suicides in India: _ba policy malignancy _cby P. C. Bodh |
||
| 260 |
_aNew York _bRoutledge _c2019 |
||
| 300 | _axiii, 270p. | ||
| 650 |
_aFarmers -- India -- Social conditions. _912250 |
||
| 650 |
_aFarmers -- Suicidal behavior -- India. _912251 |
||
| 650 |
_aFarms, Small -- India. _912252 |
||